| Record ID | ia:gettinggripclari0000lapp |
| Source | Internet Archive |
| Download MARC XML | https://archive.org/download/gettinggripclari0000lapp/gettinggripclari0000lapp_marc.xml |
| Download MARC binary | https://www.archive.org/download/gettinggripclari0000lapp/gettinggripclari0000lapp_meta.mrc |
LEADER: 03636cam a2200553Ia 4500
001 ocn153580193
003 OCoLC
005 20191109073141.1
008 070706s2007 maua b 001 0 eng d
040 $aYDXCP$beng$cYDXCP$dBTCTA$dBAKER$dQBX$dNPL$dWC4$dSUC$dYBM$dVP@$dB2A$dSTF$dSMP$dCQU$dBDX$dKP9$dUKMGB$dOCLCF$dUAB$dOCLCQ$dZCU$dTXNUE$dXFF$dHCO$dCRU$dERR$dOCLCQ$dNAM$dSNN$dPEX$dNTG$dALV$dZJA$dJDP$dWYG$dAU@$dGDC$dOCLCQ$dBDP
016 7 $a013953549$2Uk
020 $a0979414245
020 $a9780979414244
029 1 $aAU@$b000042262051
029 1 $aAU@$b000056605167
029 1 $aAU@$b000060052422
029 1 $aNZ1$b11515679
029 1 $aQBX$bqbi07600186
035 $a(OCoLC)153580193
050 4 $aHN65$b.L37 2007
055 4 $aHN65$bL37
082 04 $a361.2$222
049 $aMAIN
100 1 $aLappé, Frances Moore.
245 10 $aGetting a grip :$bclarity, creativity, and courage in a world gone mad /$cFrances Moore Lappé.
260 $aCambridge, MA :$bSmall Planet Media :$bDistributed by Chelsea Green Publishing,$c©2007.
300 $axv, 186 pages :$billustrations ;$c21 cm
336 $atext$btxt$2rdacontent
337 $aunmediated$bn$2rdamedia
338 $avolume$bnc$2rdacarrier
504 $aIncludes bibliographical references and index.
505 0 $aClarity -- 1: The straightjacket -- Peeling away the layers -- Elections plus a market ... that's democracy? -- Lizzie's lessons -- Thin democracy's pitfalls -- Deeper dangers -- Humility and hope -- 2: New eyes -- Goodness of or in human nature? -- An ecology of democracy: five qualities -- A premise of plenty, a spiral of hope -- 3: What democracy feels like -- Nine dimensions: some glimpses -- Why now? four revolutions -- Creativity -- 4: Power invisible -- One choice we don't have -- Mirrors in our brains -- Power isn't a four-letter word -- Relational power's under-appreciated sources -- Drops count -- 5: The art of power -- Democracy's arts -- The power of simply listening -- Conflict as creative -- Kids learn conflict is okay -- 6: Talking democracy -- Globalization or global corporate power? -- Free market-free trade or fair market-fair trade? -- Regulations or standards? -- Consumers or buyers? -- Courage -- 7: Seize the moment -- A downward spin -- A rude shock -- 8: When fear means go -- Fear as pure energy -- Fear and conflict -- As it is -- Old thoughts, new thoughts -- Inner applause -- 9: Sanity in motion -- Claiming our sanity -- Protection -- A cautionary tale, the danger of good intentions -- On issues versus entry points -- An internal checklist -- Bold humility -- Knowing.
520 $a[This book] connects readers' personal passions with actions they can take ... to help create the world they want."--Page 4 of cover.
590 $bInternet Archive - 2
590 $bInternet Archive 2
650 0 $aSocial participation.
650 0 $aDemocracy.
650 0 $aSustainable development.
650 7 $aDemocracy.$2fast$0(OCoLC)fst00890077
650 7 $aSocial participation.$2fast$0(OCoLC)fst01122699
650 7 $aSustainable development.$2fast$0(OCoLC)fst01139731
776 08 $iOnline version:$aLappé, Frances Moore.$tGetting a grip.$dCambridge, MA : Small Planet Media : Distributed by Chelsea Green Publishing, ©2007$w(OCoLC)609352301
938 $aBaker & Taylor$bBKTY$c14.95$d11.21$i0979414245$n0007265475$sactive
938 $aBrodart$bBROD$n07118163$c$14.95
938 $aBaker and Taylor$bBTCP$nBK0007265475
938 $aQuality Books, Inc.$bQUAL$nqbi07600186
938 $aYBP Library Services$bYANK$n2555848
994 $a92$bERR
976 $a31927002050646